[Event "EU-chT Seniors 50"]
[Site "Terme Catez"]
[Date "2024.05.07"]
[Round "1.2"]
[White "Miljanic, Boro"]
[Black "Logar, Metod"]
[Result "1-0"]
[WhiteElo "2343"]
[BlackElo "2006"]
[PlyCount "87"]
[EventDate "2024.05.07"]
[EventType "team-swiss"]
[EventRounds "9"]
[EventCountry "SLO"]
[SourceTitle "CB20_2024"]
[SourceDate "2024.05.16"]
[SourceVersion "1"]
[SourceVersionDate "2024.05.16"]
[SourceQuality "1"]
[WhiteTeam "Montenegro 50"]
[BlackTeam "Slovenia Kralj 50"]
[WhiteTeamCountry "MNE"]
[BlackTeamCountry "SLO"]

1. e4 e5 2. Nf3 Nc6 3. Bb5 a6 4. Ba4 d6 5. 0-0 Bd7 6. c3 Nf6 7. Re1 Be7 8. d4 0-0 9. h3 h6 10. d5 Nb8 11. Bc2 c6 12. c4 b5 13. b3 Qc7 14. Bd3 bxc4 15. bxc4 Rc8 16. Be3 cxd5 17. cxd5 Bb5 18. a4 Bxd3 19. Qxd3 Qc2 20. Qxc2 Rxc2 21. Nfd2 Nbd7 22. Na3 Rcc8 23. Rec1 Nc5 24. Bxc5 dxc5 25. Nac4 Nd7 26. Nf3 f6 27. Rab1 Bd8 28. Rb7 Rc7 29. Rcb1 Ra7 30. R7b2 Kh7 31. Nh4 Nf8 32. Rb8 Rd7 33. Rc8 Ng6 34. Nf5 Ne7 35. Nxe7 Bxe7 36. g4 h5 37. Kg2 Kg6 38. Rb6 hxg4 39. d6 gxh3+ 40. Kxh3 Bd8 41. Rbb8 Ba5 42. Nxa5 Rxd6 43. Rxc5 Kg5 44. Kg3 1-0

[Event "MNT Team Cup"]
[Site "Herceg Novi"]
[Date "2020.06.25"]
[Round "1.3"]
[White "Miljanic, Boro"]
[Black "Bubanja, Masan"]
[Result "1-0"]
[WhiteElo "2352"]
[BlackElo "1919"]
[PlyCount "85"]
[EventDate "2020.06.25"]
[EventType "team-swiss"]
[EventRounds "5"]
[EventCountry "MNE"]
[SourceTitle "EXT 2021"]
[Source "ChessBase"]
[SourceDate "2020.10.23"]
[SourceVersion "1"]
[SourceVersionDate "2020.10.23"]
[SourceQuality "1"]
[WhiteTeam "Elektroprivreda"]
[BlackTeam "Herceg Novi"]
[WhiteTeamCountry "MNE"]
[BlackTeamCountry "MNE"]

1. c4 c5 2. g3 Nc6 3. Bg2 e5 4. e3 Nf6 5. Ne2 Bd6 6. 0-0 h6 7. d4 0-0 8. Nbc3 Re8 9. Nb5 Bf8 10. d5 a6 11. dxc6 bxc6 12. Nd6 Re6 13. Nxc8 Qxc8 14. b3 Qc7 15. Bb2 Rd8 16. Nc3 g6 17. f4 exf4 18. exf4 Rd6 19. Qf3 Rd2 20. Rf2 Qd6 21. Rxd2 Qxd2 22. Qf2 Qxf2+ 23. Kxf2 d5 24. cxd5 cxd5 25. Bf3 c4 26. Na4 c3 27. Bxc3 Ne4+ 28. Bxe4 dxe4 29. Ke2 f5 30. Rd1 Rc8 31. Rd7 a5 32. Bxa5 Rc1 33. Rd1 Rc2+ 34. Rd2 Rc1 35. b4 Rh1 36. Ke3 Bg7 37. b5 Rf1 38. b6 Rb1 39. Rd8+ Kf7 40. Rd7+ Kg8 41. b7 Bf8 42. Bc3 Rb5 43. Be5 1-0

[Event "MNT-chT 1st League"]
[Site "Podgorica"]
[Date "2019.07.24"]
[Round "5.4"]
[White "Sukovic, Andrej"]
[Black "Miljanic, Boro"]
[Result "1-0"]
[WhiteElo "2219"]
[BlackElo "2370"]
[PlyCount "119"]
[EventDate "2019.07.20"]
[EventType "team-tourn"]
[EventRounds "9"]
[EventCountry "MNE"]
[SourceTitle "EXT 2020"]
[Source "ChessBase"]
[SourceDate "2019.10.17"]
[SourceVersion "1"]
[SourceVersionDate "2019.10.17"]
[SourceQuality "1"]
[WhiteTeam "Buducnost"]
[BlackTeam "Elektroprivreda"]
[WhiteTeamCountry "MNE"]
[BlackTeamCountry "MNE"]

1. e4 c5 2. Nf3 Nc6 3. d4 cxd4 4. Nxd4 e5 5. Nb5 d6 6. N1c3 a6 7. Na3 b5 8. Nd5 Nf6 9. Bg5 Be7 10. Bxf6 Bxf6 11. Nb1 0-0 12. a4 Rb8 13. axb5 axb5 14. Be2 Be6 15. 0-0 Bxd5 16. exd5 Nd4 17. Bd3 b4 18. Nd2 Bg5 19. Nc4 f5 20. Ra6 Nb5 21. Na5 Qc8 22. Rc6 Qd8 23. Ra6 Qc8 24. Bxb5 Rxb5 25. Rc6 Qb8 26. Nc4 Be7 27. Qd3 e4 28. Qb3 Kh8 29. Rd1 h6 30. Qh3 Qb7 31. Ne3 f4 32. Nf5 Qd7 33. Nxd6 Qxh3 34. gxh3 Bxd6 35. Rxd6 Rf5 36. Kf1 f3 37. Ke1 Rg5 38. Rd4 e3 39. Rg4 Rf5 40. Rd8+ Kh7 41. Rd7 Kg8 42. Rgxg7+ Kf8 43. Rh7 Kg8 44. Rhe7 exf2+ 45. Kxf2 Rc5 46. Rc7 Rxc7 47. Rxc7 Rxd5 48. b3 Rh5 49. Kxf3 Rxh3+ 50. Kg2 Re3 51. h4 h5 52. Kf2 Rh3 53. Rc4 Kf7 54. Ke2 Rh2+ 55. Kd3 Rh3+ 56. Kd2 Rh2+ 57. Kc1 Rh1+ 58. Kb2 Rg1 59. Rxb4 Rg4 60. Rc4 1-0

[Event "MNT-chT 1st League"]
[Site "Podgorica"]
[Date "2019.07.20"]
[Round "1.4"]
[White "Rajkovic, Dusan"]
[Black "Miljanic, Boro"]
[Result "1/2-1/2"]
[WhiteElo "2275"]
[BlackElo "2370"]
[PlyCount "31"]
[EventDate "2019.07.20"]
[EventType "team-tourn"]
[EventRounds "9"]
[EventCountry "MNE"]
[SourceTitle "EXT 2020"]
[Source "ChessBase"]
[SourceDate "2019.10.17"]
[SourceVersion "1"]
[SourceVersionDate "2019.10.17"]
[SourceQuality "1"]
[WhiteTeam "Rudar"]
[BlackTeam "Elektroprivreda"]
[WhiteTeamCountry "MNE"]
[BlackTeamCountry "MNE"]

1. d4 Nf6 2. c4 g6 3. Nc3 Bg7 4. e4 0-0 5. f3 d6 6. Bg5 c5 7. d5 e6 8. Qd2 exd5 9. cxd5 a6 10. a4 Qa5 11. Nd1 Qxd2+ 12. Kxd2 Nbd7 13. Ne2 Ne5 14. Nec3 h6 15. Be3 Bd7 16. a5 1/2-1/2

[Event "MNT-chT"]
[Site "Niksic"]
[Date "2018.08.10"]
[Round "4.2"]
[White "Popadic, Dragan"]
[Black "Miljanic, Boro"]
[Result "1-0"]
[WhiteElo "2186"]
[BlackElo "2365"]
[PlyCount "41"]
[EventDate "2018.08.07"]
[EventType "team-tourn"]
[EventRounds "9"]
[EventCountry "MNE"]
[SourceTitle "CBM 186 Extra"]
[Source "ChessBase"]
[SourceDate "2018.08.24"]
[SourceVersion "1"]
[SourceVersionDate "2018.08.24"]
[SourceQuality "1"]
[WhiteTeam "Mimoza"]
[BlackTeam "Elektroprivreda"]
[WhiteTeamCountry "MNE"]
[BlackTeamCountry "MNE"]

1. e4 g6 2. Nc3 c6 3. d4 Bg7 4. Nf3 d6 5. h3 Nd7 6. Be2 Qc7 7. 0-0 Ngf6 8. Re1 0-0 9. Bf1 e5 10. Be3 b5 11. a3 a6 12. Qd2 Re8 13. Bh6 Bxh6 14. Qxh6 exd4 15. Nxd4 Ne5 16. f4 Qb6 17. Rad1 Ra7 18. Kh1 Nc4 19. Nf3 Qf2 20. Bxc4 bxc4 21. e5 1-0

[Event "MNT CupT final"]
[Site "Cetinje"]
[Date "2018.04.21"]
[Round "1"]
[White "Podlesnik, Bogdan"]
[Black "Miljanic, Boro"]
[Result "1/2-1/2"]
[WhiteElo "2359"]
[BlackElo "2366"]
[PlyCount "42"]
[EventDate "2018.04.21"]
[EventType "team-k.o."]
[EventRounds "2"]
[EventCountry "MNE"]
[SourceTitle "EXT 2019"]
[Source "ChessBase"]
[SourceDate "2018.10.10"]
[SourceVersion "1"]
[SourceVersionDate "2018.10.10"]
[SourceQuality "1"]
[WhiteTeam "Cetinje Crnogorac"]
[BlackTeam "Niksic Elektroprivreda"]
[WhiteTeamCountry "MNE"]
[BlackTeamCountry "MNE"]

1. e4 e6 2. d4 d5 3. Nd2 c5 4. exd5 Qxd5 5. Ngf3 cxd4 6. Bc4 Qd6 7. 0-0 Nf6 8. Nb3 Nc6 9. Nbxd4 Nxd4 10. Qxd4 Qxd4 11. Nxd4 Bc5 12. Nb3 Bb6 13. a4 a5 14. Be2 Bd7 15. Bf3 Rc8 16. c3 Bc6 17. Bxc6+ Rxc6 18. Rd1 Ke7 19. Bg5 Rd8 20. Rxd8 Kxd8 21. Rd1+ Ke7 1/2-1/2

[Event "MNT-chT1"]
[Site "Bar"]
[Date "2015.10.02"]
[Round "7"]
[White "Lekic, Dusan"]
[Black "Miljanic, Boro"]
[Result "1/2-1/2"]
[WhiteElo "2377"]
[BlackElo "2378"]
[PlyCount "26"]
[EventDate "2015.09.26"]
[EventType "team-tourn"]
[EventRounds "9"]
[EventCountry "MNE"]
[SourceTitle "EXT 2017"]
[Source "ChessBase"]
[SourceDate "2016.10.25"]
[SourceVersion "1"]
[SourceVersionDate "2016.10.25"]
[SourceQuality "1"]

1. d4 Nf6 2. c4 g6 3. Nf3 Bg7 4. g3 0-0 5. Bg2 d6 6. 0-0 Nbd7 7. Nc3 e5 8. h3 c6 9. e4 exd4 10. Nxd4 Re8 11. Be3 Nc5 12. Qc2 a5 13. Rad1 Qe7 1/2-1/2

[Event "MNT-chT1"]
[Site "Bar"]
[Date "2015.09.26"]
[Round "1"]
[White "Milanovic, Slavisa"]
[Black "Miljanic, Boro"]
[Result "1-0"]
[WhiteElo "2381"]
[BlackElo "2378"]
[PlyCount "78"]
[EventDate "2015.09.26"]
[EventType "team-tourn"]
[EventRounds "9"]
[EventCountry "MNE"]
[SourceTitle "EXT 2017"]
[Source "ChessBase"]
[SourceDate "2016.10.25"]
[SourceVersion "1"]
[SourceVersionDate "2016.10.25"]
[SourceQuality "1"]

1. c4 g6 2. d4 Bg7 3. e4 c6 4. Nc3 d5 5. cxd5 cxd5 6. exd5 Nf6 7. Bb5+ Nbd7 8. Nf3 0-0 9. Bxd7 Bxd7 10. Qb3 b5 11. 0-0 a5 12. a3 Qb6 13. Ne5 b4 14. Be3 Bb5 15. Nxb5 Qxb5 16. Nc6 Rfe8 17. axb4 a4 18. Qc2 Qxd5 19. Rxa4 Bf8 20. Ra5 Qd6 21. Qc5 Qd7 22. Rfa1 Rac8 23. b5 e6 24. Qe5 Ng4 25. Qf4 e5 26. dxe5 h5 27. h3 Nh6 28. Bd4 Nf5 29. Bc3 Qd5 30. Qf3 Qc4 31. g3 Bc5 32. R5a4 Qb3 33. Qd3 Qe6 34. Kg2 Kh7 35. Qc4 Rxc6 36. bxc6 Qxc6+ 37. Qe4 Qb6 38. Ra6 Qb3 39. Ra8 Re6 1-0

[Event "MNT-chT"]
[Site "Ulcinj"]
[Date "2014.09.23"]
[Round "4.5"]
[White "Tomic, Aleksandar"]
[Black "Miljanic, Boro"]
[Result "1/2-1/2"]
[WhiteElo "2049"]
[BlackElo "2382"]
[PlyCount "44"]
[EventDate "2014.09.20"]
[EventType "team-tourn"]
[EventRounds "9"]
[EventCountry "MNE"]
[SourceTitle "CBM 162 Extra"]
[Source "ChessBase"]
[SourceDate "2014.10.17"]
[SourceVersion "1"]
[SourceVersionDate "2014.10.17"]
[SourceQuality "1"]
[WhiteTeam "Mladost"]
[BlackTeam "Elektroprivreda"]
[WhiteTeamCountry "MNE"]
[BlackTeamCountry "MNE"]

1. d4 Nf6 2. Bg5 Ne4 3. h4 c5 4. dxc5 h6 5. Be3 e6 6. c3 Nxc5 7. Qc2 d5 8. Nf3 Nc6 9. Nbd2 a5 10. Bf4 Bd6 11. Bxd6 Qxd6 12. e4 Bd7 13. Be2 Rc8 14. Rd1 Ne5 15. exd5 exd5 16. Nxe5 Qxe5 17. Nf3 Qe4 18. Qxe4+ dxe4 19. Nd4 0-0 20. 0-0 Rfe8 21. Kh2 Re7 22. Rfe1 Na4 1/2-1/2

[Event "MNT-chT"]
[Site "Ulcinj"]
[Date "2014.09.22"]
[Round "3.6"]
[White "Nikac, Predrag"]
[Black "Miljanic, Boro"]
[Result "0-1"]
[WhiteElo "2278"]
[BlackElo "2382"]
[PlyCount "80"]
[EventDate "2014.09.20"]
[EventType "team-tourn"]
[EventRounds "9"]
[EventCountry "MNE"]
[SourceTitle "CBM 162 Extra"]
[Source "ChessBase"]
[SourceDate "2014.10.17"]
[SourceVersion "1"]
[SourceVersionDate "2014.10.17"]
[SourceQuality "1"]
[WhiteTeam "Buducnost"]
[BlackTeam "Elektroprivreda"]
[WhiteTeamCountry "MNE"]
[BlackTeamCountry "MNE"]

1. e4 e6 2. d4 d5 3. Nc3 Nf6 4. e5 Nfd7 5. f4 c5 6. Nf3 Nc6 7. Be3 cxd4 8. Nxd4 Bc5 9. Qd2 a6 10. 0-0-0 0-0 11. h4 Nxd4 12. Bxd4 b5 13. Bxc5 Nxc5 14. Qd4 Qc7 15. Rh3 Bb7 16. h5 f6 17. Re3 Rac8 18. exf6 Rxf6 19. g3 h6 20. a3 Kh8 21. Kb1 Ne4 22. Bg2 Nd6 23. Bh3 Qf7 24. Rde1 Re8 25. b3 Nf5 26. Bxf5 Rxf5 27. Qb6 Rxh5 28. Rxe6 Rxe6 29. Rxe6 d4 30. Qd8+ Kh7 31. Re8 dxc3 32. Rh8+ Kg6 33. Qd3+ Qf5 34. Qd6+ Qf6 35. Qd3+ Kf7 36. Rd8 Bc6 37. Rd6 Qe7 38. Qg6+ Kf8 39. Rxc6 Rh1+ 40. Ka2 Ra1+ 0-1

[Event "MNT-chT"]
[Site "Cetinje"]
[Date "2013.07.01"]
[Round "8.4"]
[White "Miljanic, Boro"]
[Black "Musovic, Armin"]
[Result "0-1"]
[WhiteElo "2392"]
[BlackElo "2135"]
[PlyCount "84"]
[EventDate "2013.06.24"]
[EventType "team-tourn"]
[EventRounds "9"]
[EventCountry "MNE"]
[SourceTitle "CBM 155 Extra"]
[Source "ChessBase"]
[SourceDate "2013.08.26"]
[SourceVersion "1"]
[SourceVersionDate "2013.08.26"]
[SourceQuality "1"]
[WhiteTeam "Elektroprivreda"]
[BlackTeam "Ljubomir Djurdjic"]
[WhiteTeamCountry "MNE"]
[BlackTeamCountry "MNE"]

1. e4 c6 2. c4 e6 3. d4 Bb4+ 4. Nc3 d5 5. e5 c5 6. a3 Ba5 7. cxd5 Bxc3+ 8. bxc3 Qxd5 9. Nf3 Nc6 10. Bd3 cxd4 11. cxd4 Bd7 12. Be3 Nge7 13. Rb1 Nf5 14. Rb5 Nxe3 15. fxe3 Qa2 16. 0-0 Nd8 17. Ng5 Bc6 18. e4 Qxa3 19. d5 Qe7 20. Qh5 h6 21. dxc6 bxc6 22. Rb2 Qxg5 23. Qxg5 hxg5 24. Ra1 0-0 25. Rba2 c5 26. Bb5 Rb8 27. Ra5 c4 28. Bxc4 Nc6 29. Rc5 Rb6 30. Kf2 a5 31. Bb5 Nd4 32. Bc4 Rb2+ 33. Kg3 Nc2 34. Ra2 Rfb8 35. Rcxa5 Ne3 36. Be2 R8b3 37. Rxb2 Rxb2 38. Bf3 Kh7 39. Rc5 Kg6 40. Rc3 Nf1+ 41. Kh3 Rb8 42. Be2 Rh8+ 0-1